More money to clean up contaminated land (Record no. 70911)
[ view plain ]
| 000 -LEADER | |
|---|---|
| fixed length control field | 01046cam a2200217 4500 |
| 001 - CONTROL NUMBER | |
| control field | WB3829-08 |
| 008 - FIXED-LENGTH DATA ELEMENTS--GENERAL INFORMATION | |
| fixed length control field | 020806n2002 000 0 eng u |
| 035 ## - SYSTEM CONTROL NUMBER | |
| System control number | (Sirsi) u119229 |
| 245 ## - TITLE STATEMENT | |
| Title | More money to clean up contaminated land |
| 260 ## - PUBLICATION, DISTRIBUTION, ETC. | |
| Date of publication, distribution, etc. | 2002 |
| 490 ## - SERIES STATEMENT | |
| Series statement | RICS Environment Faculty News |
| Volume/sequential designation | 5 August 2002 (1) |
| 520 ## - SUMMARY, ETC. | |
| Summary, etc. | Government has announced extra money to help 30 local authorities clean up contaminated land in England. The latest fund forms part of the ongoing Supplementary Credit Approval (SCA) Programme http://www.defra.gov.uk/environment/landliability/approvals that helps local authorities carry out their legal duties and meet the costs of remediating contaminated land. RICS news release http://www.rics.org/ricscms/bin/show?class=News&template=/includes/shownews.html&id=3351 |
| 590 ## - LOCAL NOTE (RLIN) | |
| Local note | WB |
| 650 ## - SUBJECT ADDED ENTRY--TOPICAL TERM | |
| Topical term or geographic name entry element | CONTAMINATED LAND |
| 650 ## - SUBJECT ADDED ENTRY--TOPICAL TERM | |
| Topical term or geographic name entry element | LOCAL AUTHORITIES |
| 650 ## - SUBJECT ADDED ENTRY--TOPICAL TERM | |
| Topical term or geographic name entry element | REMEDIATION |
| 650 ## - SUBJECT ADDED ENTRY--TOPICAL TERM | |
| Topical term or geographic name entry element | CLEAN UP COSTS |
| 650 ## - SUBJECT ADDED ENTRY--TOPICAL TERM | |
| Topical term or geographic name entry element | SUPPLEMENTARY CREDIT APPROVALS |
| 690 ## - LOCAL SUBJECT ADDED ENTRY--TOPICAL TERM (OCLC, RLIN) | |
| Topical term or geographic name as entry element | ENVIRONMENT-CONTAMINATION |
| 942 ## - ADDED ENTRY ELEMENTS (KOHA) | |
| Suppress in OPAC | 0 |
| Withdrawn status | Lost status | Source of classification or shelving scheme | Damaged status | Not for loan | Home library | Current library | Shelving location | Date acquired | Total Checkouts | Full call number | Barcode | Date last seen | Copy number | Price effective from | Koha item type |
|---|---|---|---|---|---|---|---|---|---|---|---|---|---|---|---|
| Dewey Decimal Classification | London | London | News article | 06/08/2002 | WB3829-08 | 119229-1001 | 06/08/2019 | 1 | 06/08/2019 | News article |